000 00383 a2200145 4500
001 168882
020 _a
040 _cMagnum
100 _aAgencia Regional de Noticias
240 1 0 _aClipping em educacao - 14/05/01 a 20/05/01 - ano ii - nº 87
_lpor
245 1 0 _aClipping em educacao - 14/05/01 a 20/05/01 - ano ii - nº 87
362 0 _a1899
697 _aGERAL
942 _cBK
999 _c168882
_d168882